000 00242nam a22001097a 4500
082 _a621.3848 LAA
100 _aPDF
_956879
245 _aOPERATION THEORY MANUAL LAADS RADAR
260 _aRAWALPINDI
_bPDF
_c2008
300 _aPDF
942 _cBK
999 _c572942
_d572942